LEADER 01048nam0 22002651i 450 001 UON00218689 005 20231205103405.219 010 $a88-07-10274-9 100 $a20030730d1999 |0itac50 ba 101 $aita 102 $aIT 105 $a|||| ||||| 200 1 $a Migranti, coloni, rifugiati$eDall'emigrazione di massa alla fortezza Europa$fSaskia Sassen$etraduzione di Maria Gregorio 210 $aMilano$cFeltrinelli$d1999. 196 p. ; 23 cm. 410 1$1001UON00066184$12001 $aCampi del sapere 606 $aEmigrazione$xStudi$3UONC034597$2FI 620 $aIT$dMilano$3UONL000005 700 1$aSassen$bSaskia$3UONV122079$0437824 712 $aFeltrinelli$3UONV246160$4650 801 $aIT$bSOL$c20250704$gRICA 899 $aSIBA - SISTEMA BIBLIOTECARIO DI ATENEO$2UONSI 912 $aUON00218689 950 $aSIBA - SISTEMA BIBLIOTECARIO DI ATENEO$dSI VII GEO D 0494 $eSI SC 34757 5 0494 996 $aMigranti, coloni, rifugiati$9812973 997 $aUNIOR